000 00711nam a2200241 a 4500
008
020 _a0435452975 (pbk.)
049 _aMAIN
090 _aHF1106
100 1 _aSeliet, Hala.
245 1 0 _aFoundation business /
_cHala Seliet.
260 _aOxford :
_bHeinemann Educational,
_c2000.
300 _avii, 244 p. :
_bill. ;
_c27cm.
440 _aHeinemann- GNVQ
500 _aOn cover: For the 2000 standards: Compulsory units plus options.
500 _aIncludes index.
650 _aBusiness
_xStudy and teaching.
907 _a.b10085051
_b29-09-05
_c29-07-03
003
005 20230123133355.0
040 _cNUST
942 _cBOOKS
_kHF1106
999 _c147473
_d147473